000 02994cam a2200337 4500500
005 20260111105507.0
041 _afre
042 _adc
100 1 0 _aMaury, Yolande
_eauthor
245 0 0 _aL’espace comme texture : inventer des formes, tisser des devenirs
260 _c2024.
500 _a83
520 _aBased on the strong interest in the question of space, at a time when the paradigm of mobility seems to permeate the human sciences as a whole, the aim of this contribution is to investigate space in its material and symbolic dimensions, producing meaning, as a 'texture': a tangle of intertwined trajectories and encounters that modify it in their movements as they move through it, allowing for creative appropriation that reveals new forms and brings to light continuities. In line with the writings of Henri Lefebvre and Tim Ingold, the intention is to explore the ways in which the study of textures can activate modes of access to the meaning of spaces in their complexity and their dynamics. The relevance of this approach in the field of information and communication sciences will also be examined, focusing on recent research that studies, from a spatial perspective, the transformations taking place in the city or in the library.
520 _aPartant de l’intérêt marqué pour la question de l’espace, à un moment où le paradigme de la mobilité est au cœur des réflexions qui traversent les sciences humaines et sociales, l’objectif de cette contribution est d’interroger l’espace dans ses dimensions matérielle et symbolique, productrices de sens, en tant que « texture » : un enchevêtrement de trajectoires et de rencontres entremêlées qui dans leurs mouvements, le modifient en le parcourant, ouvrant à une appropriation créatrice révélant des formes nouvelles, et mettant au jour des continuités. Dans la ligne des écrits de Henri Lefebvre et de Tim Ingold, il s’agit d’explorer en quoi l’étude des textures peut permettre d’activer des modes d’accès au sens des espaces, dans leur complexité et leur dynamique. La pertinence de cette approche dans le champ des sciences de l’information et de la communication est interrogée, avec à l’appui un retour sur des recherches récentes s’inscrivant dans une perspective spatiale pour étudier différents mondes, telles la ville et/ou la bibliothèque.
690 _abibliothèque
690 _adevenir
690 _aespace
690 _amatérialité
690 _apratiques spatiales
690 _atexture
690 _aville
690 _abecoming
690 _acity
690 _alibrary
690 _amateriality
690 _aspace
690 _aspatial practices
690 _atexture
786 0 _nApproches Théoriques en Information-Communication (ATIC) | 9 | 2 | 2024-12-24 | p. 31-49
856 4 1 _uhttps://shs.cairn.info/revue-approches-theoriques-en-information-communication-2024-2-page-31?lang=fr&redirect-ssocas=7080
999 _c1631408
_d1631408